Spravočnik po neparametričeskoj statistike

Gespeichert in:
Bibliographische Detailangaben
1. Verfasser: Runyon, Rich. P. (Verfasst von)
Format: Buch
Sprache:Russisch
Veröffentlicht: Moskva : Finansy i statistika, 1982
Tags: Tag hinzufügen
Keine Tags, Fügen Sie das erste Tag hinzu!

MARC

LEADER 00000nam a22000003a 4500
001 stu92123
005 20150617225620.5
008 041216s1982------------------------rus-d
040 |a STU  |b slo 
041 0 |a rus 
100 1 |a Runyon, Rich. P.  |4 aut 
245 1 |a Spravočnik po neparametričeskoj statistike 
260 |a Moskva :  |b Finansy i statistika,  |c 1982 
996 |b E50020  |c E*50020  |l EE03  |s P  |a 0  |w stu92123_0001 
996 |b E50021  |c E*50021  |l EE03  |s P  |a 0  |w stu92123_0002